Informe sobre la conveniencia de embarcar sal para atender a la conservación del pescado cogido en la mar en sus relaciones con la industria pesquera y con la de salazón / (Record no. 150922)

MARC details
000 -LEADER
campo de control de longitud fija 00843nam a2200205 i 4500
001 - NÚMERO DE CONTROL
campo de control 150922
003 - IDENTIFICADOR DE NÚMERO DE CONTROL
campo de control ES-MaACL
005 - FECHA Y HORA DE LA ÚLTIMA TRANSACCIÓN
campo de control 20250902094506.0
007 - CAMPO FIJO DE DESCRIPCIÓN FÍSICA--INFORMACIÓN GENERAL
campo de control de longitud fija t|
008 - DATOS DE LONGITUD FIJA--INFORMACIÓN GENERAL
campo de control de longitud fija 071120s1885 sp ||||1| spa d
110 2# - ENTRADA PRINCIPAL--NOMBRE DE ENTIDAD CORPORATIVA
Nombre de entidad corporativa o nombre de jurisdicción como elemento de entrada Real Sociedad Económica de Amigos del País de Santiago de Compostela
9 (RLIN) 6387
245 10 - MENCIÓN DEL TÍTULO
Título Informe sobre la conveniencia de embarcar sal para atender a la conservación del pescado cogido en la mar en sus relaciones con la industria pesquera y con la de salazón /
Mención de responsabilidad, etc. Sociedad Económica de Amigos del País de Santiago
260 ## - PUBLICACIÓN, DISTRIBUCIÓN, ETC.
Lugar de publicación, distribución, etc. Santiago :
Nombre del editor, distribuidor, etc. [s.n.],
Fecha de publicación, distribución, etc. 1885 (
Fabricante Tip. de la Gaceta de Felipe de la Torre)
300 ## - DESCRIPCIÓN FÍSICA
Extensión 34 p. ;
Dimensiones 19 cm
650 #4 - PUNTO DE ACCESO ADICIONAL DE MATERIA--TÉRMINO DE MATERIA
Término de materia o nombre geográfico como elemento de entrada Pescado-
Subdivisión general Conservación.
9 (RLIN) 136689
650 #7 - PUNTO DE ACCESO ADICIONAL DE MATERIA--TÉRMINO DE MATERIA
Término de materia o nombre geográfico como elemento de entrada Industria conservera
9 (RLIN) 163157
852 ## - LOCALIZACIÓN
Ubicación ES-MaACL
Número de control de estantería T-418-F-18
942 ## - ELEMENTOS DE ENTRADA SECUNDARIOS (KOHA)
Fuente del sistema de clasificación o colocación Clasificación decimal universal
Holdings
Estatus retirado Estado de pérdida Estado de daño No para préstamo Colección Biblioteca de origen Biblioteca actual Ubicación en estantería Fecha de adquisición Fuente de adquisición Total de préstamos Signatura topográfica completa Código de barras Visto por última vez Precio de reemplazo Tipo de ítem Koha
        Colección de folletos Biblioteca del Ateneo de Madrid Biblioteca del Ateneo de Madrid Depósito folletos 17/01/2008     T-418-F-18 1157485 23/02/2023 23/02/2023 Folleto